| 000 | 00742nam a2200205 a 4500 | ||
|---|---|---|---|
| 003 | 0 | ||
| 005 | 20250303132841.0 | ||
| 008 | 120723s19uu xx 00 eng d | ||
| 050 |
_aPGS LB 1065.G46 _b.K49 2012 |
||
| 100 | _aKim, Shan Lee C. | ||
| 245 |
_aGender and study habits of grade 6 students of SISC / _cShan Lee C. Kim. |
||
| 260 |
_aLas PiƱas City, Philippines : _bSouthville International School and Colleges, _c2012. |
||
| 300 |
_a26 pages : _billustrations ; _c28 cm. |
||
| 504 | _aIncludes bibliographical references. | ||
| 650 |
_aStudy skills _vGender differences. |
||
| 650 |
_aStudents _vStudy habits. |
||
| 650 |
_aEducation _vGender aspects. |
||
| 650 |
_aLearning strategies _vGender differences. |
||
| 942 |
_2lcc _cPASS |
||
| 999 |
_c98810 _d98810 |
||